00280nam a22000857a 4500082001500000100003700015245006600052260005600118300002000174 a345.549105 aRehman, Atta-Ur ; Muhammad, Gull aThe Hudood Laws in Pakistan /cAtta-Ur Rehman ; Gull Muhammad aLahore :bCivil & Criminal Law Publications,c2018. a236 p. ;c24cm.